Library of the University of Algiers 3
Ibrahim Sultan Cheibout
شعار جامعة الجزائر 3
مكتبة جامعة الجزائر 3
إبراهيم سلطان شيبوط

التأمينات العينية والشخصية / (رقم التسجيلة. 45680)

تفاصيل مارك
000 -LEADER
fixed length control field 00947nam a2200193Ia 4500
003 - CONTROL NUMBER IDENTIFIER
control field Ost
005 - DATE AND TIME OF LATEST TRANSACTION
control field 20260507075655.0
008 - FIXED-LENGTH DATA ELEMENTS--GENERAL INFORMATION
fixed length control field 260507s9999||||xx |||||||||||||| ||und||
040 ## - CATALOGING SOURCE
Transcribing agency fsecg
041 ## - LANGUAGE CODE
Language code of text/sound track or separate title ara
082 ## - DEWEY DECIMAL CLASSIFICATION NUMBER
Classification number 346.0436
100 ## - MAIN ENTRY--PERSONAL NAME
Personal name زهران، همام محمد محمود
Relator term مؤلف
245 #0 - TITLE STATEMENT
Title التأمينات العينية والشخصية /
Statement of responsibility, etc. همام محمد محمود زهران
260 ## - PUBLICATION, DISTRIBUTION, ETC.
Place of publication, distribution, etc. الاسكندرية:
Name of publisher, distributor, etc. دار الجامعة الجديدة,
Date of publication, distribution, etc. 2004
300 ## - PHYSICAL DESCRIPTION
Extent 582 صفحة؛
Other physical details إيضاحات ؛
Dimensions 24 سم
520 ## - SUMMARY, ETC.
Summary, etc. التأمينات الشخصية، انعقاد الكفالة، اثبات الكفالة، آثار الكفالة، انقضاء الكفالة، التأمينات العينية، الرهن الرسمي، حق الاختصاص، الرهن الحيازي، حقوق الامتياز.
653 ## - INDEX TERM--UNCONTROLLED
Uncontrolled term التأمين- قوانين وتشريعات- مصر
942 ## - ADDED ENTRY ELEMENTS (KOHA)
Koha item type كتب

لا توجد مواد متاحة.

موارد الويب المفتوحة


© University of Algiers 3 All Rights Reserved
|
Implemented by LECHELAH Riad